00577 a2200241 4500260001700000630001800017037001300035650003900048100002000087260001900107245005100126300000900177650001400186260000900200300000900209100000700218440001400225037001100239037001100250037001100261250004500272020001800317 aVilleurbanne a57 - Biologie b3, Achat a5 - SCIENCES EXACTES ET NATURELLES aLouisot, Pierre bSimep Editions aBiochimie structurale : 2. Acides nucléiques a47 p aBiochimie c1974 b27cm lFr aBiochimie aS 5984 aS14167 aS 4027 a2e éd. revue, corigée et augmentée a2-85334-100-3